000 00768nam a2200253Ia 4500
003 OSt
005 20221005052629.0
006 a|||||r|||| 00| 0
007 ta
008 221004b |||||||| |||| 00| 0 eng d
020 _a9781844077014 (pbk)
_c1870.00
024 _a94455
037 _b5315, 25/03/2009, Efficient Book Distributors
_cTextual
040 _aCRL
_cCRL
_beng
041 _2eng
_aeng
082 _aW:1(X:8), P8
100 _aAlthaus Catherine
_9280109
245 0 _aCalculating political risk
260 _aLondon
_bEarthscan UK
_c2008
300 _a304p.
_ccm.
650 _aPOLITICAL SCIENCE
942 _hW:1(X:8), P8
_cTEXL
_2cc
999 _c960717
_d960717